000 00761nam a22001817a 4500
003 UA-OsUOA
001 12303
007 ta
008 20050510b un ||||| |||| 00| 0 ukr d
100 _aЦимбалюк Є.
942 _cSA
040 _aUA-OsUOA
_cUA-OsUOA
_dUA-OsUOA
245 _aЯк Пугачівка перейшла на "воєнний стан"
_b[У 1970 р. у с. Пугачівка Млинів. р-ну побував знаменитий диктор Юрій Левітан, який виступив у сіл. клубі "от советского Информбюро"]
300 _aС.13
955 _a0
773 0 _w0
_tВільне слово
_dРівне
_d2005
_g№35/5 трав./
650 7 _aЛевітан Ю.
_2UDC
999 _c298464
_d298464